Teoría e investigación de la comunicación de masa / (Record no. 94696)
[ view plain ]
| 000 -LEADER | |
|---|---|
| campo de control de longitud fija | 01428cam a2200337 i 4500 |
| 001 - NÚMERO DE CONTROL | |
| campo de control | 116803 |
| 003 - IDENTIFICADOR DE NÚMERO DE CONTROL | |
| campo de control | BJBSDDR |
| 005 - FECHA Y HORA DE LA ÚLTIMA TRANSACCIÓN | |
| campo de control | 20230410142401.0 |
| 006 - CÓDIGOS DE INFORMACIÓN DE LONGITUD FIJA--CARACTERÍSTICAS DEL MATERIAL ADICIONAL | |
| campo de control de longitud fija | a|||||r|||| 00| 0 |
| 007 - CAMPO FIJO DE DESCRIPCIÓN FÍSICA--INFORMACIÓN GENERAL | |
| campo de control de longitud fija | ta |
| 008 - DATOS DE LONGITUD FIJA--INFORMACIÓN GENERAL | |
| campo de control de longitud fija | 140811s2007 mx a r 001 0 spa d |
| 020 ## - NÚMERO INTERNACIONAL ESTÁNDAR DEL LIBRO | |
| Número Internacional Estándar del Libro | 9789702608271 |
| 020 ## - NÚMERO INTERNACIONAL ESTÁNDAR DEL LIBRO | |
| Número Internacional Estándar del Libro | 9702608279 |
| 040 ## - FUENTE DE CATALOGACIÓN | |
| Centro/agencia transcriptor | BJBSDDR |
| 041 0# - CÓDIGO DE IDIOMA | |
| Código de lengua del texto/banda sonora o título independiente | spa |
| 050 14 - SIGNATURA TOPOGRÁFICA DE LA BIBLIOTECA DEL CONGRESO | |
| Número de clasificación | P 92 |
| Número de ítem | L925t 2007 |
| 082 00 - NÚMERO DE LA CLASIFICACIÓN DECIMAL DEWEY | |
| Número de edición | 302.23 |
| 100 1# - ENTRADA PRINCIPAL--NOMBRE DE PERSONA | |
| Nombre de persona | Lozano Rendón, José Carlos |
| 9 (RLIN) | 17805 |
| 245 10 - MENCIÓN DEL TÍTULO | |
| Título | Teoría e investigación de la comunicación de masa / |
| Mención de responsabilidad, etc. | José Carlos Lozano Rendón. |
| 250 ## - MENCION DE EDICION | |
| Mención de edición | 2da edición |
| 260 ## - PUBLICACIÓN, DISTRIBUCIÓN, ETC. | |
| Lugar de publicación, distribución, etc. | México : |
| Nombre del editor, distribuidor, etc. | Pearson Educación, |
| Fecha de publicación, distribución, etc. | 2007 |
| 300 ## - DESCRIPCIÓN FÍSICA | |
| Extensión | xiii, 233 p. : |
| Otras características físicas | ill. ; |
| Dimensiones | 24 cm. |
| 440 #0 - MENCIÓN DE SERIE/PUNTO DE ACCESO ADICIONAL--TÍTULO | |
| 9 (RLIN) | 17806 |
| Título | Pearson comunicación |
| 504 ## - NOTA DE BIBLIOGRAFÍA, ETC. | |
| Nota de bibliografía, etc. | Incluye bibliografía e índice. |
| 505 0# - NOTA DE CONTENIDO CON FORMATO | |
| Nota de contenido con formato | P. 1 El Estudio Científico de la Comunicación -- P. 2 Procesos y Condicionantes en la Producción de Mensaje -- P. 3 El Contenido de los Mensajes -- P. 4 Los Procesos de Recepción y Apropiación. |
| 520 ## - RESUMEN, ETC. | |
| Sumario, etc. | El protagonismo de los medios de comunicación en los ámbitos político, económico, social y cultural sigue creciendo exponencialmente. Estos aspectos adquieren relevancia y multiplican su impacto a partir de lo que la televisión, la prensa, el cine y la radio difunden y promueven. |
| 650 #4 - PUNTO DE ACCESO ADICIONAL DE MATERIA--TÉRMINO DE MATERIA | |
| 9 (RLIN) | 1407 |
| Término de materia o nombre geográfico como elemento de entrada | Medios de comunicación de masas |
| Subdivisión general | Aspectos sociales |
| 650 #4 - PUNTO DE ACCESO ADICIONAL DE MATERIA--TÉRMINO DE MATERIA | |
| 9 (RLIN) | 1966 |
| Término de materia o nombre geográfico como elemento de entrada | Comunicación |
| 942 ## - ELEMENTOS DE ENTRADA SECUNDARIOS (KOHA) | |
| Fuente del sistema de clasificación o colocación | Clasificación de Library of Congress |
| Tipo de ítem Koha | Libro |
| 946 ## - PROCESAMIENTO DE INFORMACIÓN LOCAL (OCLC) | |
| a | IMRO |
| Estatus retirado | Estado de pérdida | Fuente del sistema de clasificación o colocación | Estado de daño | No para préstamo | Colección | Biblioteca de origen | Biblioteca actual | Ubicación en estantería | Fecha de adquisición | Signatura topográfica completa | Código de barras | Visto por última vez | Copia número | Tipo de ítem Koha |
|---|---|---|---|---|---|---|---|---|---|---|---|---|---|---|
| Clasificación de Library of Congress | Humanidades | Biblioteca Juan Bosch | Biblioteca Juan Bosch | Humanidades (4to. Piso) | 10/04/2023 | P 92 L925t 2007 | 00000109387 | 17/11/2018 | 1 | Libro |
